| 000 | 00726nam a2200253Ia 4500 | ||
|---|---|---|---|
| 001 | Z_2500 | ||
| 003 | CHAP | ||
| 008 | 220113s1981 xx 000 0 und d | ||
| 010 | _a165557 | ||
| 040 | _cCHAP | ||
| 082 | _a551.59 G3 | ||
| 100 |
_aGarcía de Miranda, Enriqueta _945916 |
||
| 245 |
_aModificaciones al sistema de clasificación climática de Koopen (para adaptarlas a las condiciones de la República Mexicana) / _cEnriqueta García de Miranda |
||
| 250 | _a3a ed. corregida y aumentada | ||
| 260 |
_aMéxico, D. F. : _b[s. n.], _c1981 |
||
| 300 | _a252 p. | ||
| 650 |
_aClimatología I. t. _9139478 |
||
| 901 | _a551.59 G3 | ||
| 902 | _aM | ||
| 910 | _a1981 | ||
| 942 | _c1 | ||
| 942 | _cc1 | ||
| 999 |
_c165557 _d165557 |
||